Les 50 films les plus rentables - Statistiques

Statistiques générales
  • Ce quiz a été pris 195 fois
  • Le résultat moyen est 9 sur 50
Statistiques - réponses
Années Films Recettes % Correct
1997 Titanic 2,264
82%
2009 Avatar 2,923
81%
2012 Avengers 1,520
70%
2022 Avatar la voie de l'eau 2,320
50%
2019 Avengers Endgame 2,799
50%
2018 Avengers Infinity War 2,052
38%
2024 Barbie 1,445
29%
1993 Jurassic Park 1,104
24%
2013 La Reine des Neiges 1,305
24%
2019 Le Roi Lion 1,663
24%
2013 Iron Man 3 1,215
23%
2021 Spider man no way home 1,921
23%
2015 Star Wars VII - Le réveil de la force 2,071
21%
2019 Joker 1,078
20%
2015 Jurassic World 1,671
18%
2018 Jurassic World Fallen Kingdom 1,310
18%
1999 Star Wars I - La Menace Fantôme 1,046
18%
2019 Star Wars IX - L'ascension de Skywalker 1,077
17%
2017 Star Wars VII - Les derniers Jedi 1,334
17%
2018 Black Panther 1,349
15%
2011 Harry Potter et les Reliques de la Mort part. 2 1,342
15%
2016 Captain America Civil War 1,155
14%
2015 Fast and furious 7 1,515
14%
2019 Spider man Far from home 1,131
14%
2017 Fast and furious 8 1,236
13%
2022 La Reine des Neiges 2 1,453
13%
2019 Toy Story 3 1,073
11%
2024 Vice versa 2 1,693
11%
2015 Avengers age of Ultron 1,405
10%
2010 Toy Story 4 1,067
10%
2017 La Belle et la Bête 1,266
9%
2003 Le Seigneur des Anneaux- le retour du roi 1,137
9%
2018 Aquaman 1,152
8%
2015 Les Minions 1,159
8%
2023 Super Mario Bros 1,362
8%
2012 The Dark Knight Rises 1,085
8%
2019 Captain Marvel 1,131
7%
2018 Les Indestructibles 2 1,243
7%
2017 Moi moche et méchant 3 1,034
7%
2022 Top Gun Maverick 1,495
7%
2011 Transformers 3 1,123
7%
2016 Zootopie 1,025
7%
2012 Skyfall 1,108
5%
2016 Le monde de Dory 1,029
4%
2006 Pirates des Caraïbes - Le secret du Coffre Maudit 1,066
4%
2011 Pirates des Caraïbes - La Fontaine de Jouvence 1,046
2%
2019 Alladin 1,054
1%
2014 Transformers l'âge de l'extinction 1,104
1%
2024 Deadpool & Wolwerine 1,335
0%
2016 Rogue : A star wars Story 1,058
0%
Aucun quiz correspondant
Distribution des résultats
% des personnes avec chaque résultat
Percentile par nombre de réponses
Votre historique - résultats
Vous n’avez pas pris ce quiz